| Поле | Инд. | ПП | Название | Значение |
|---|---|---|---|---|
| Тип записи | a | |||
| Библиографический уровень | m | |||
| 001 | Контрольный номер | c5150d00011b4d3e84aae7dd1a291cc8 | ||
| 005 | Дата корректировки | 20240415123328.1 | ||
| 008 | Кодируемые данные | 190225|||||||||ru |||||||||||||||||rus|| | ||
| 020 | a | ISBN | 978-5-4222-0351-2 | |
| 041 | 0_ | a | Код языка текста | rus |
| 084 | a | Индекс другой классификации/Индекс ББК | 95+72+74.484 | |
| 090 | a | Полочн. индекс | 95 | |
| x | Авторский знак | М 91 | ||
| 110 | 2_ | a | Организация/ юрисдикция | Мурманский арктический государственный университет |
| 245 | 10 | a | Заглавие | Путь в науку |
| b | Продолж. заглавия | материалы регион. науч.-практ. конф., 17-22 апр. 2017 г. | ||
| c | Ответственность | М-во образования и науки Рос. Федерации, Мурман. аркт. гос. ун-т ; [отв. ред. А. А. Ляш] | ||
| 260 | a | Место издания | Мурманск | |
| b | Издательство | Изд-во МАГУ | ||
| c | Дата издания | 2018 | ||
| 300 | a | Объем | 158 с. | |
| b | Иллюстрации/ тип воспроизводства | ил. | ||
| 500 | a | Примечание | Имеется электрон. аналог 2017 г. | |
| 504 | a | Библиография | Библиогр. в конце каждой ст. | |
| 583 | x | Служебное примечание | Краеведческий каталог | |
| 650 | 04 | a | Основная рубрика | Наука-Материалы конференций |
| 651 | _4 | a | Географическое наименование | Мурманская область |
| 653 | 0_ | a | Ключевые слова | Естественные науки; Краеведение; МАГУ; Материалы конференций; Наука; Наука вузовская; Научно-практические конференции; Конференции научно-практические; Мурманский арктический государственный университет; Современные информационные технологии; Труды преподавателей МАГУ |
| 901 | t | Тип документа | m |